00844 2200289 4500001002100000005001500021035002000036007000300056008004100059020002200100082001700122084001900139100002900158245005800187250003500245300003700280650002000317264004300337336002100380337003000401338002300431040002200454090002200476850001200498999002200510990002200532INLIS00000000090129720260109101132 a0010-0126000230ta260109s2025 yoia g 000 p ind d a978-623-129-733-404223a899.2211 a899.2211 YOS k0 aYosi SulastriePengarang10aKamu dan saya adalah kita yang nyata /cYosi Sulastri aCetakan Pertama, November 2025 ax, 90 halaman :bgambar ;c19 cm 4aPuisi Indonesia31aSleman :bBintang Semesta Media,c2025 2rdacontentateks 2rdamediaatanpa perantara 2rdacarrieravolume aYOPDYOGbinderda aCB-D.11 2025-4010 aYOPDYOG aCB-D.11/2025-4010 aCB-D.11/2025-4010